01328nam a2200325Ia 4500001001200000003000800012006001900020007001500039008004100054010001700095020002600112020002300138040002100161035002100182050002600203100002700229245014700256260004600403300002600449490002500475504006400500533015200564650004000716650003100756655002900787710001700816830002600833856012600859999001700985ebr10296354CaPaEBRm u cr cn|||||||||071018s2008 njua sb 001 0 eng d z 2007042812 z9780470197677 (cloth) z0470197676 (cloth) aCaPaEBRcCaPaEBR a(OCoLC)83241029814aHD9502.A2bJ34 2008eb1 aJackson, Jerry,d1945-10aEnergy Budgets at Risk (EBaR)h[electronic resource] :ba risk management approach to energy purchase and efficiency choices /cJerry Jackson. aHoboken, NJ :bJohn Wiley & Sons,cc2008. axviii, 300 p. :bill.1 aWiley finance series aIncludes bibliographical references (p. 289-293) and index. aElectronic reproduction.bPalo Alto, Calif. :cebrary,d2011.nAvailable via World Wide Web.nAccess may be limited to ebrary affiliated libraries. 0aPower resourcesxCostsxManagement. 0aEnergy consumptionxCosts. 7aElectronic books.2local2 aebrary, Inc. 0aWiley finance series.40uhttp://site.ebrary.com/lib/rucke/Doc?id=10296354zAn electronic book accessible through the World Wide Web; click to view c77314d77314